Fr. Conceicao Rodrigues College of Engineering

T.Y. TCP/LP in 24 hours (Record no. 28044)

MARC details
000 -LEADER
fixed length control field 00306nam a2200145Ia 4500
082 ## - DEWEY DECIMAL CLASSIFICATION NUMBER
Classification number 4.65
Item number CAS/WIL
100 ## - MAIN ENTRY--PERSONAL NAME
Personal name Casad/ Joe/ Willsey/ Bob
245 ## - TITLE STATEMENT
Title T.Y. TCP/LP in 24 hours
260 ## - PUBLICATION, DISTRIBUTION, ETC.
Name of publisher, distributor, etc. Techmedia
Date of publication, distribution, etc. 1999
300 ## - PHYSICAL DESCRIPTION
Extent 348
546 ## - LANGUAGE NOTE
Language note ENGLISH
654 ## - SUBJECT ADDED ENTRY--FACETED TOPICAL TERMS
Focus term computer
942 ## - ADDED ENTRY ELEMENTS (KOHA)
Koha item type BOOK
Holdings
Withdrawn status Lost status Damaged status Not for loan Collection Home library Current library Date acquired Inventory number Total Checkouts Full call number Barcode Date last seen Price effective from Koha item type
        CRC Fr. Agnel's C.Rodrigues College of Engineering Fr. Agnel's C.Rodrigues College of Engineering 17/03/2023 3666   4.65 CAS/WIL 11471 17/03/2023 17/03/2023 BOOK